Эффект Капицы в зарядово-упорядоченных слоистых кристаллах; Известия вузов. Физика; Т. 47, № 2

Dettagli Bibliografici
Parent link:Известия вузов. Физика/ Министерство общего и профессионального образования Российской Федерации ; Томский Госуниверситет.— , 1958-.— 0021-3411
Т. 47, № 2.— 2004.— с. 60-63
Autore principale: Горский П. В.
Lingua:russo
Pubblicazione: 2004
Serie:Физика полупроводников и диэлектриков
Soggetti:
Natura: MixedMaterials Capitolo di libro
KOHA link:https://koha.lib.tpu.ru/cgi-bin/koha/opac-detail.pl?biblionumber=420019

MARC

LEADER 00000naa2a2200000 4500
001 420019
005 20231101073326.0
035 |a (RuTPU)RU\TPU\prd\77481 
035 |a RU\TPU\prd\28232 
090 |a 420019 
100 |a 20100301a2004 k y0rusy50 ca 
101 0 |a rus 
102 |a RU 
200 1 |a Эффект Капицы в зарядово-упорядоченных слоистых кристаллах  |f П. В. Горский 
225 1 |a Физика полупроводников и диэлектриков 
320 |a Библиогр.: 16 назв. 
461 1 |0 (RuTPU)RU\TPU\prd\191  |x 0021-3411  |t Известия вузов. Физика  |f Министерство общего и профессионального образования Российской Федерации ; Томский Госуниверситет  |d 1958- 
463 1 |0 (RuTPU)RU\TPU\prd\77468  |t Т. 47, № 2  |v с. 60-63  |d 2004 
610 1 |a Эффект Капицы 
610 1 |a квантование Ландау 
610 1 |a слоистые кристаллы 
610 1 |a зарядовое упорядочение 
610 1 |a магнитное поле 
610 1 |a параллельность 
610 1 |a носители тока 
610 1 |a рассеяние 
675 |a 537.611  |v 3 
700 1 |a Горский  |b П. В. 
801 1 |a RU  |b 63413507  |c 20040924  |g PSBO 
801 2 |a RU  |b 63413507  |c 20101029  |g RCR 
942 |c BK